Rights to light (Record no. 76665)
[ view plain ]
| 000 -LEADER | |
|---|---|
| fixed length control field | 00865cab a2200205 4500 |
| 001 - CONTROL NUMBER | |
| control field | ##L132853 |
| 008 - FIXED-LENGTH DATA ELEMENTS--GENERAL INFORMATION | |
| fixed length control field | 060314n2006 000 0 eng u |
| 035 ## - SYSTEM CONTROL NUMBER | |
| System control number | (Sirsi) u132853 |
| 041 0# - LANGUAGE CODE | |
| Language code of text/sound track or separate title | eng |
| 100 1# - MAIN ENTRY--PERSONAL NAME | |
| Personal name | Jansen, Mark |
| 245 00 - TITLE STATEMENT | |
| Title | Rights to light |
| 260 ## - PUBLICATION, DISTRIBUTION, ETC. | |
| Date of publication, distribution, etc. | 2006 |
| 490 #0 - SERIES STATEMENT | |
| Series statement | Property Week |
| Volume/sequential designation | 71(10) 10 March 2006, 36-39(4) |
| 520 ## - SUMMARY, ETC. | |
| Summary, etc. | Two articles dealing with the subject of rights of light. 'In charge of light' looks at how rights-of-light expert, Gordon Ingram set up his business. 'The legislation of light' explains how councils are turning to the Town and Country Planning Act 1990 to settle disputes over rights of light. |
| 590 ## - LOCAL NOTE (RLIN) | |
| Local note | IKA140306 |
| 650 24 - SUBJECT ADDED ENTRY--TOPICAL TERM | |
| Topical term or geographic name entry element | TOWN AND COUNTRY PLANNING ACT 1990 |
| 690 ## - LOCAL SUBJECT ADDED ENTRY--TOPICAL TERM (OCLC, RLIN) | |
| Topical term or geographic name as entry element | PROPERTY-PROPERTY MANAGEMENT-EASEMENTS-RIGHTS TO LIGHT DETERMINATION-RIGHTS TO LIGHT |
| 700 1# - ADDED ENTRY--PERSONAL NAME | |
| Personal name | Fielding, Clare |
| 942 ## - ADDED ENTRY ELEMENTS (KOHA) | |
| Suppress in OPAC | 0 |
| Withdrawn status | Lost status | Source of classification or shelving scheme | Damaged status | Not for loan | Home library | Current library | Shelving location | Date acquired | Total Checkouts | Full call number | Barcode | Date last seen | Copy number | Price effective from | Koha item type |
|---|---|---|---|---|---|---|---|---|---|---|---|---|---|---|---|
| Dewey Decimal Classification | London | London | Journal article | 14/03/2006 | L132853 | 132853-1001 | 06/08/2019 | 1 | 06/08/2019 | Journal article |